Juegos y suenos / (Record no. 20763)
[ view plain ]
| 000 -LEADER | |
|---|---|
| fixed length control field | 00863 a2200265 4500 |
| 001 - CONTROL NUMBER | |
| control field | sjds |
| 003 - CONTROL NUMBER IDENTIFIER | |
| control field | sjds |
| 005 - DATE AND TIME OF LATEST TRANSACTION | |
| control field | 20240506153133.0 |
| 008 - FIXED-LENGTH DATA ELEMENTS--GENERAL INFORMATION | |
| fixed length control field | 240506b |||||||| |||| 00| 0 spa d |
| 020 ## - INTERNATIONAL STANDARD BOOK NUMBER | |
| International Standard Book Number | 9780153044380 (hard) |
| 020 ## - INTERNATIONAL STANDARD BOOK NUMBER | |
| International Standard Book Number | 0153044381 (hard) |
| 040 ## - CATALOGING SOURCE | |
| Transcribing agency | sjds |
| 041 ## - LANGUAGE CODE | |
| Language code of text/sound track or separate title | spa |
| 100 1# - MAIN ENTRY--PERSONAL NAME | |
| Personal name | Gallego, Margaret A. |
| 245 10 - TITLE STATEMENT | |
| Title | Juegos y suenos / |
| Statement of responsibility, etc. | autores, Margaret A. Gallego [and others]. |
| 246 ## - VARYING FORM OF TITLE | |
| Title proper/short title | Estrellas de la literatura |
| 246 ## - VARYING FORM OF TITLE | |
| Title proper/short title | HBJ estrellas de la literatura. |
| 260 ## - PUBLICATION, DISTRIBUTION, ETC. (IMPRINT) | |
| Place of publication, distribution, etc. | Orlando : |
| Name of publisher, distributor, etc. | Harcourt Brace Jovanovich, |
| Date of publication, distribution, etc. | c1993. |
| 300 ## - PHYSICAL DESCRIPTION | |
| Extent | 96 pages : |
| Other physical details | color illustrations ; |
| Dimensions | 27 cm. |
| 440 ## - SERIES STATEMENT/ADDED ENTRY--TITLE | |
| Title | HBJ estrellas de la literatura. |
| 500 ## - GENERAL NOTE | |
| General note | Series at head of title |
| 505 ## - FORMATTED CONTENTS NOTE | |
| Formatted contents note | Juegos y suenos -- Cuentas y cuentos -- Flores y colores --<br/>La tierra, mi hogar |
| 521 ## - TARGET AUDIENCE NOTE | |
| Target audience note | Target Audience:<br/>Grade 2. |
| 942 ## - ADDED ENTRY ELEMENTS (KOHA) | |
| Koha item type | Libro/Book |
| Withdrawn status | Lost status | Damaged status | Not for loan | Home library | Current library | Date acquired | Inventory number | Total Checkouts | Total Renewals | Full call number | Barcode | Date last seen | Date checked out | Price effective from | Koha item type |
|---|---|---|---|---|---|---|---|---|---|---|---|---|---|---|---|
| San Juan Del Sur -- Mobile | San Juan Del Sur -- Mobile | 30/04/2024 | Inventory date: 10-2-25 | 4 | 1 | JI | 33014966 | 05/11/2024 | 22/10/2024 | 30/04/2024 | Libro/Book |